000 00733nam a22002057a 4500
003 koha_MIRAKIL
005 20250924153357.0
008 250924b tur||||| |||| 00| 0 tur d
020 _a9786259725086
040 _aTR-IsEVY
_btur
_cTR-IsEVY
082 _a363.7 ÇIN/N
100 _aÇınar, Şule
245 0 _aNedir bu sürdürülebilirlik hikayesi /
_cŞule Çınar, Yeşim Özen Açıl ; resimleyen Emre Sarıçam.
260 _aİstanbul :
_bMandolin,
_c2025.
300 _a48 s. :
_brenkli resimli ;
_c21 cm.
650 _aKüresel Sorunlar.
_vSürdürülebilirlik.
_vAçlık.
_vTüketim ve Üretim.
_vKarasal Yaşam.
700 1 _aAçıl, Yeşim Özen
_cyazar.
700 1 _aSarıçam, Emre.
_cresimleyen.
942 _2ddc
_cBK
999 _c22659
_d22659